000 00438cam a2200169 4500
008 090401t1971 xxu||||| |||| 00| 0 eng d
020 _a0117505080
035 _a(Sirsi) u31167
041 _aeng
110 _aUnited Kingdom
_kLaws, etc
_95044
245 _aTown and Country Planning Act, 1971. Tables of Comparison.
260 _aLondon
_bHMSO
_c1971
300 _a52p. ; 25cm.
350 _a0.4
942 _n0
948 _c04/03/1997
999 _c89566
_d89566